Szonett egy emlékkönyv lapjára
Elmentve itt :
| Szerző: | |
|---|---|
| Dokumentumtípus: | Cikk |
| Megjelent: |
1927
|
| Sorozat: | Széphalom
1 |
| Kulcsszavak: | Szépirodalom |
| Online Access: | http://acta.bibl.u-szeged.hu/20125 |
| LEADER | 00542nab a2200169 i 4500 | ||
|---|---|---|---|
| 001 | acta20125 | ||
| 005 | 20210722152847.0 | ||
| 008 | 161015s1927 hu o 0|| hun d | ||
| 040 | |a SZTE Egyetemi Kiadványok Repozitórium |b hun | ||
| 041 | |a hun | ||
| 100 | 1 | |a Palasovszky Béla | |
| 245 | 1 | 0 | |a Szonett egy emlékkönyv lapjára |h [elektronikus dokumentum] / |c Palasovszky Béla |
| 260 | |c 1927 | ||
| 300 | |a 265 | ||
| 490 | 0 | |a Széphalom |v 1 | |
| 695 | |a Szépirodalom | ||
| 856 | 4 | 0 | |u http://acta.bibl.u-szeged.hu/20125/1/szephalom_001_265.pdf |z Dokumentum-elérés |